|
|
|
|
| LEADER |
00000nam0a2200000 4500 |
| 001 |
150919 |
| 005 |
20231101221526.0 |
| 010 |
|
|
|a 9785916700060
|
| 035 |
|
|
|a (RuTPU)RU\TPU\book\163642
|
| 090 |
|
|
|a 150919
|
| 100 |
|
|
|a 20090115d2009 m y0rusy50 ca
|
| 101 |
0 |
|
|a rus
|
| 102 |
|
|
|a RU
|
| 105 |
|
|
|a y j 001zy
|
| 200 |
1 |
|
|a Менеджер информационных ресурсов
|e учебно-методическое пособие
|f В. К. Клюев [и др.]
|
| 210 |
|
|
|a Москва
|c Литера
|d 2009
|
| 215 |
|
|
|a 317 с.
|
| 225 |
1 |
|
|a Современная библиотека
|h Вып. 36
|
| 320 |
|
|
|a Библиография в конце разделов.
|
| 330 |
|
|
|a Представлен дидактический комплекс, впервые аккумулирующий методические материалы в помощь организации учебного процесса и освоения цикла специальных дисциплин образовательной программы подготовки высококвалифицированных менеджеров информационных ресурсов (специализация «Менеджмент библиотечно-информационной деятельности»). Содержит разработанные творческим коллективом педагогов кафедры управления информационно-библиотечной деятельностью МГУКИ детализированные базовые программы десяти учебных курсов блока специальной управленческой подготовки, а также трех актуальных дисциплин по выбору для студентов инновационной квалификации «Менеджер информационных ресурсов». Во второй части помещены методические апробированные разработки разноаспектных семинарских занятий (круглых столов), задания проблемного практикума, многоплановые ситуационные задачи и деловые игры, тематические и аналитические тесты, справочные материалы в помощь самостоятельной работе студентов. Учебное пособие успешно прошло профессиональную экспертизу и имеет рекомендательный гриф отраслевого учёбно-методического объединения. Оно может быть эффективно использовано педагогами и методистами-практиками, студентами и слушателями разноуровневой системы библиотечно-информационного образования.
|
| 606 |
1 |
|
|a Библиотечный менеджмент
|2 stltpush
|3 (RuTPU)RU\TPU\subj\68182
|9 83665
|
| 610 |
1 |
|
|a библиотеки
|
| 610 |
1 |
|
|a управление
|
| 610 |
1 |
|
|a информационные ресурсы
|
| 610 |
1 |
|
|a менеджеры
|
| 610 |
1 |
|
|a библиотечно-информационная деятельность
|
| 610 |
1 |
|
|a маркетинг
|
| 610 |
1 |
|
|a экономика
|
| 610 |
1 |
|
|a инновационно-методическая работа
|
| 610 |
1 |
|
|a библиотечная статистика
|
| 610 |
1 |
|
|a персонал
|
| 610 |
1 |
|
|a стратегическое управление
|
| 610 |
1 |
|
|a библиотечное право
|
| 610 |
1 |
|
|a библиотечные коммуникации
|
| 610 |
1 |
|
|a фандрейзинг
|
| 610 |
1 |
|
|a практикумы
|
| 610 |
1 |
|
|a деловые игры
|
| 610 |
1 |
|
|a тесты
|
| 610 |
1 |
|
|a учебные пособия
|
| 686 |
|
|
|a Ч737я73
|v LBC/SL-A
|2 rubbk
|
| 701 |
|
1 |
|a Клюев
|b В. К.
|g Владимир Константинович
|
| 701 |
|
1 |
|a Суслова
|b И. М.
|g Ирина Марковна
|
| 701 |
|
1 |
|a Пашин
|b А. И.
|g Алексей Иванович
|
| 701 |
|
1 |
|a Дементьева
|b Н. Ю.
|g Наталья Ювенальевна
|
| 701 |
|
1 |
|a Макарова
|b И. И.
|g Ирина Ивановна
|
| 712 |
0 |
2 |
|a Московский государственный университет культуры и искусств (МГУКИ)
|2 stltpush
|3 (RuTPU)RU\TPU\col\1722
|
| 801 |
|
1 |
|a RU
|b 63413507
|c 20090115
|g PSBO
|
| 801 |
|
2 |
|a RU
|b 63413507
|c 20161122
|g PSBO
|
| 942 |
|
|
|c BK
|
| 959 |
|
|
|a 7/20090115
|d 1
|e 150,00
|f НМО:1
|